|
|
|
|
| LEADER |
00000nab a2200000 a 4500 |
| 001 |
vtls000792547 |
| 003 |
SK-MaSNL |
| 005 |
20260319070407.0 |
| 008 |
160321c2002 xo 0 hun |
| 015 |
|
|
|a SNBRB2002/04-14694
|
| 035 |
|
|
|a CLN000144202
|
| 040 |
|
|
|a SNKBUCL
|b slo
|c SNKBUCL
|e AACR2
|
| 041 |
0 |
|
|a hun
|
| 044 |
|
|
|a xo
|c SK
|
| 080 |
|
|
|a 943.9-051"1610/1679"
|2 UDC-MRF-SK2
|
| 080 |
|
|
|a 929 Széchy, Mária
|2 UDC-MRF-SK2
|
| 100 |
0 |
|
|a (ozogány)
|4 aut
|9 843375
|
| 245 |
1 |
0 |
|a Magyar nagyasszonyok
|c [szerző] (ozogány)
|
| 300 |
|
|
|b Obr.
|
| 600 |
1 |
7 |
|a Széchy, Mária
|d 1610-1679
|2 snkbucl
|9 1025179
|
| 655 |
|
7 |
|a články z novín a časopisov
|2 snkbucl
|9 267496
|
| 773 |
0 |
|
|t Vasárnap
|g Roč. 35, č. 12 (2002), s. 35
|
| 850 |
|
|
|a Slovenská národná knižnica v Martine
|
| 852 |
|
|
|a SNK
|b KIS3GCP
|
| 958 |
|
|
|a HU
|
| 958 |
|
|
|a BC
|
| 958 |
|
|
|a RBX
|
| 999 |
|
|
|c 1764520
|d 1766450
|